Európska akciová spoločnosť - krok vpred?
Pôsobenie spoločností v priestore EÚ a kooperácia jednotlivých spoločností z rôznych členských štátov na ráža na právne, psychologické a daňové problémy. Harmonizácia obchodného práva ustanovená v článku 44 Zmluvy o EÚ rieši niektoré problémy, stále však prevláda národný prístup nad komunitárnym. Od...
Salvato in:
| Autore principale: | |
|---|---|
| Natura: | Capitolo di libro |
| Lingua: | slovacco |
| Soggetti: | |
| Tags: |
Nessun Tag, puoi essere il primo ad aggiungerne!!
|
MARC
| LEADER | 00000naa$a2200000$$$4500 | ||
|---|---|---|---|
| 001 | 0026736 | ||
| 005 | 20240502071426.7 | ||
| 041 | 0 | |a slo | |
| 044 | |a SK | ||
| 245 | 1 | 0 | |a Európska akciová spoločnosť - krok vpred? |c Katarína Janáčová |
| 520 | |a Pôsobenie spoločností v priestore EÚ a kooperácia jednotlivých spoločností z rôznych členských štátov na ráža na právne, psychologické a daňové problémy. Harmonizácia obchodného práva ustanovená v článku 44 Zmluvy o EÚ rieši niektoré problémy, stále však prevláda národný prístup nad komunitárnym. Odpoveď na otázku, či znamená Európska akciová spoločnosť (SE - Societas Europea) pri riešení tohto principiálneho problému krok vpred. Príloha: Chcete si založiť European Company? (Právne normy upravujúce SE a založenie SE. | ||
| 610 | 2 | 0 | |a spoločnosti akciové |
| 610 | 2 | 0 | |a Európska únia |
| 610 | 2 | 0 | |a právo obchodné |
| 610 | 2 | 0 | |a harmonizácia |
| 610 | 2 | 0 | |a smernice |
| 610 | 2 | 0 | |a legislatíva |
| 610 | 2 | 0 | |a Európsky ekonomický priestor |
| 100 | 1 | |a Janáčová, Katarína | |